000 00381 a2200169 4500
001 74111
020 _a976850612004-8
040 _cAnchieta - Colégio São Paulo
100 _aDante, Luiz Roberto
240 1 0 _aTudo é matemática
_lpor
245 1 0 _aTudo é matemática
300 _a364[32p.]
362 0 _a2009
440 1 _aÁtica
650 4 _aMatemática
942 _cBK
999 _c74111
_d74111